| 000 | 00487cam a2200181ua 4500 | ||
|---|---|---|---|
| 020 | _c14.50 | ||
| 041 |
_aeng _h |
||
| 082 |
_a613 _bBED/HA |
||
| 100 | _aBedi, Yash Pal . | ||
| 245 |
_aHand book of hygiene and public heatlth for medical and public health students / _cYash Pal Bedi. _hTextual Documents |
||
| 250 |
_a8 / _b. |
||
| 260 |
_aDelhi : _bAtmaram and Sons , _c1966. |
||
| 300 | _a520 ; . | ||
| 365 | _a14.50 | ||
| 504 | _a | ||
| 942 | _cBK | ||
| 999 |
_c10186 _d10186 |
||